Movies by Letter - S - Statistics

General Stats
  • This quiz has been taken 41 times
  • The average score is 7 of 25
Answer Stats
Hint Answer % Correct
The most famous superhero to ever come out of Kansas Superman
78%
Director of Mean Streets, Taxi Driver, Casino, Silence, and Killers of the Flower Moon Martin Scorsese
70%
Marilyn Monroe meets Jack Lemmon and Tony Curtis in drag Some Like It Hot
59%
Fictional character played by Maguire, Garfield, Holland, Harris, and Moore Spider-Man
59%
Park City film festival Sundance Film Festival
57%
Organization most frequently opposing James Bond and MI6 SPECTRE
51%
Country of director Ousmane Sembène Senegal
49%
Term for Italian film genre including A Fistful of Dollars and The Good, the Bad, and the Ugly spaghetti westerns
43%
Hayao Miyazaki's masterpiece about a girl trapped in a world of supernatural beings Spirited Away
38%
Disney film, now socially reevaluated, featuring "Zip-a-Dee-Doo-Dah" Song of the South
32%
Polish-American actor who brought (and altered) the above's methods to the USA Lee Strasberg
24%
Animation style using three-dimensional objects stop motion
24%
Studio of the above, plus My Neighbors the Yamadas, The Tale of the Princess Kaguya, and The Boy and the Heron Studio Ghibli
24%
1972 Andrei Tarkovsky film about the psychology of space travel, later remade with George Clooney Solaris
22%
Russian father of method acting, author of An Actor Prepares and others Konstantin Stanislavski
19%
A collection of usually short films that the a continual story in installments serial
19%
Dr. Doolittle's living vehicle for his friends snail
11%
Director of American satire, as in Sullivan's Travels and The Great McGinty Preston Sturges
8%
This person watches for continuity errors on set script supervisor
8%
Longtime editor for the above Thelma Schoonmaker
8%
Director of Coraline, The Nightmare Before Christmas, and James and the Giant Peach Henry Selick
5%
Hong Kong's oldest film studio, named for three siblings, that created the kung fu film Shaw Brothers Studio
5%
Disney's songwriting brothers of "Feed the Birds," "I Wanna Be Like You," and "It's a Small World" Sherman brothers
5%
Irish animated film about a selkie who transforms into a seal Song of the Sea
5%
Company that creates flatbed tables for editing movies on 35mm film Steenbeck
3%
No matching quizzes found
Score Distribution
Percent of People with Each Score
Percentile by Number Answered
Your Score History
You have not taken this quiz